000
00233 a2200097 4500
001
34395
100
_a
Pippengir D.E
245
_a
Linear and Interface Circuits Application
260
_a
UK
_b
Texas Inst
_c
1986
090
_c
22699
_d
22699
942
_a
NUST-CAE
_c
M
_c
14112
999
_c
269468
_d
269468